| 000 | 00711nam a22002057a 4500 | ||
|---|---|---|---|
| 003 | OSt | ||
| 005 | 20260129024409.0 | ||
| 008 | 260129b |||||||| |||| 00| 0 eng d | ||
| 020 | _a9710869140 | ||
| 040 |
_aDWCL - Main lib _cOC |
||
| 082 | _aFil. 641.5 R934i 2008 | ||
| 100 | _aJamorabo-Ruiz, Adela | ||
| 245 |
_aInternational menus for celebrations and festivities / _cAdela, Jamorabo-Ruiz |
||
| 260 |
_aMandaluyong City, Philippines : _bNational Book Store, _cc2008. |
||
| 300 |
_aix, 354 pages : _billustrations ; _c26 cm. |
||
| 650 | _a1.Menus - celebrations- international. | ||
| 650 | _a2.Menus - festivities- international. | ||
| 700 | _aI.Serraon-Claudio, Virginia | ||
| 942 |
_2ddc _cBK - FIL _mFil. _n0 |
||
| 999 |
_c7932 _d7932 |
||